000 00832cam a22002537a 4500
003 CHAP
005 20220329134339.0
008 971013s r 00010 d
010 _a19111
011 _a20083
035 _a24171
040 _cCHAP
090 _aD-81
110 2 _aCentro Internacional de Agricultura Tropical
_921185
245 1 0 _aEnfermedades del frijol causadas por virus y su control (Diapositiva)
260 _a(Cali :
_bCentro Internacional de Agricultura Tropical,
_c(s.a.)
300 _a125 diapositivas col. 2 x 2 plg. y 1 cassette (guía del maestro)
590 _aBATCH-UPD
_b10
_c20130110
_lUCH01
_h2322
590 _aCONVERSION
_b10
_c20130109
_lUCH01
_h1312
650 1 4 _aFrijol
_xEnfermedades por virus.
_943371
901 _aBK
942 _cD
949 _aD-81
_bBC
_cD
_d-55843
_eD
_h59610
_i24171
_si
999 _c19111
_d19111